<?xml version="1.0" encoding="UTF-8"?><marc:collection xmlns:marc="http://www.loc.gov/MARC21/slim">
  <marc:record>
    <marc:leader>00000nam  2200000za 4500</marc:leader>
    <marc:controlfield tag="001">9.638553</marc:controlfield>
    <marc:controlfield tag="003">CaOODSP</marc:controlfield>
    <marc:controlfield tag="005">20210624221733</marc:controlfield>
    <marc:controlfield tag="007">cr |||||||||||</marc:controlfield>
    <marc:controlfield tag="008">150407|1991||||xxc|||||o    f|0| 0 fre d</marc:controlfield>
    <marc:datafield tag="040" ind1=" " ind2=" ">
      <marc:subfield code="a">CaOODSP</marc:subfield>
      <marc:subfield code="b">fre</marc:subfield>
    </marc:datafield>
    <marc:datafield tag="043" ind1=" " ind2=" ">
      <marc:subfield code="a">n-cn---</marc:subfield>
    </marc:datafield>
    <marc:datafield tag="086" ind1="1" ind2=" ">
      <marc:subfield code="a">T46-14/2005F-PDF</marc:subfield>
    </marc:datafield>
    <marc:datafield tag="110" ind1="1" ind2=" ">
      <marc:subfield code="a">Canada. </marc:subfield>
      <marc:subfield code="b">Transports Canada.</marc:subfield>
    </marc:datafield>
    <marc:datafield tag="245" ind1="1" ind2="0">
      <marc:subfield code="a">Frais d'exploitation des camions au Canada, 2005 / </marc:subfield>
      <marc:subfield code="h">[ressource électronique]</marc:subfield>
      <marc:subfield code="c">Préparé à l'intention de la Direction générale de l'analyse économique par Logistics Solution Builders Inc. </marc:subfield>
    </marc:datafield>
    <marc:datafield tag="260" ind1=" " ind2=" ">
      <marc:subfield code="a">Ottawa - Ontario : </marc:subfield>
      <marc:subfield code="b">Transports Canada </marc:subfield>
      <marc:subfield code="c">2005.</marc:subfield>
    </marc:datafield>
    <marc:datafield tag="300" ind1=" " ind2=" ">
      <marc:subfield code="a">79p.</marc:subfield>
      <marc:subfield code="b">figures en couleur, graphiques, tableaux, photographies</marc:subfield>
    </marc:datafield>
    <marc:datafield tag="500" ind1=" " ind2=" ">
      <marc:subfield code="a">«Cette étude s'inspire d'une méthode générale et détaillée d'établissement des prix de revient, pour décrire les activités typiques des transporteurs routiers sur le plan régional. Les répercussions de divers facteurs de réglementation et d'exploitation dans l'ensemble du pays y sont approfondies, tant pour le camionnage de marchandises générales que pour celui de marchandises en vrac, dans le cas d'un certain nombre de configurations de véhicules communément utilisés.»-- Page 6. Préparé pour la Direction des transporteurs routiers, Administration des transports de surface par Trimac Consulting Services Ltd. Publié par Politique et Coordination.</marc:subfield>
    </marc:datafield>
    <marc:datafield tag="500" ind1=" " ind2=" ">
      <marc:subfield code="a">«La présente édition des Frais d'exploitation des camions au Canada -- 2005 -- est la dernière d'une série de rapports parrainés par Transports Canada depuis 1972. Il est possible de se procurer les éditions antérieures auprès de Transports Canada. L’édition antérieure la plus récente se rapporte à l’année 2003."--Page 4 sur 79, Sommaire.</marc:subfield>
    </marc:datafield>
    <marc:datafield tag="520" ind1="3" ind2=" ">
      <marc:subfield code="a">Cette étude s'inspire d'une méthode générale et détaillée d'établissement des prix de revient, pour décrire les activités typiques des transporteurs routiers sur le plan régional. Les répercussions de divers facteurs de réglementation et d'exploitation dans l'ensemble du pays y sont approfondies, tant pour le camionnage de marchandises générales que pour celui de marchandises en vrac, dans le cas d'un certain nombre de configurations de véhicules communément utilisés.-- Page 6</marc:subfield>
    </marc:datafield>
    <marc:datafield tag="590" ind1=" " ind2=" ">
      <marc:subfield code="a">11-05-Supp</marc:subfield>
      <marc:subfield code="b">2011-03-15</marc:subfield>
    </marc:datafield>
    <marc:datafield tag="691" ind1="0" ind2="7">
      <marc:subfield code="a">Camion</marc:subfield>
      <marc:subfield code="2">gcpds</marc:subfield>
    </marc:datafield>
    <marc:datafield tag="691" ind1="0" ind2="7">
      <marc:subfield code="a">Coût</marc:subfield>
      <marc:subfield code="2">gcpds</marc:subfield>
    </marc:datafield>
    <marc:datafield tag="775" ind1="0" ind2="8">
      <marc:subfield code="t">Operating costs of trucks in Canada, 2005 / </marc:subfield>
      <marc:subfield code="w">(CaOODSP)9.694375</marc:subfield>
    </marc:datafield>
    <marc:datafield tag="856" ind1="4" ind2="0">
      <marc:subfield code="a">http://publications.gc.ca</marc:subfield>
      <marc:subfield code="q">PDF</marc:subfield>
      <marc:subfield code="s">1197 Ko</marc:subfield>
      <marc:subfield code="u">https://publications.gc.ca/collections/collection_2011/tc/T46-14-2005-fra.pdf</marc:subfield>
    </marc:datafield>
    <marc:datafield tag="986" ind1=" " ind2=" ">
      <marc:subfield code="a">T8080-05-0242</marc:subfield>
    </marc:datafield>
  </marc:record>
</marc:collection>
